01368nam a22002177a 45000010005000000030006000050050017000110080041000280200018000690400029000870500015001160820011001311000020001422450087001622500047002492600036002963000048003324900023003805200668004036500079010717147FISKH20250630093308.0250630b cb ||||| |||| 00| 0 eng d a9780545931588 aFISKHbengcFISKHdFISKH aQL758.P733 a591.53 aReynolds, Toby  aPredators :bIncluding crocodiles, polar bears, tarantulas, scorpions, and more! / aFirst Scholastic printing, December 2015.  aNew York : bScholastic, c2013 a32 pages : bcolor illustrations ; c26 cm  aVisual explorers : aThe books in this Visual Explorers series feature page after page of dramatic, full-color photographs. Inside, kids can get up-close and personal with dangerous animals, natural wonders, ocean life, and the mysteries of the rainforest. In Predators, engaging text, detailed facts, and impressive statistics give children exciting scientific insight into some of the world's most fearsome hunters, whether they walk, fly, swim, or crawl. A glossary at the end of each book helps reinforce the information. Parents, teachers, and librarians will want to collect all of the books in this series to create a very cool first encyclopedia to build early research skills aWild animals vNature nonfictionxHunting techniques yAnimal behavior